|
|
|
|
| LEADER |
00000nam a2200000 i 4500 |
| 001 |
1/49194 |
| 008 |
070725s2005 eng d |
| 020 |
|
|
|a 1-84392-116-2
|
| 035 |
|
|
|l 10089121
|
| 040 |
|
|
|a GR-MY-UA
|b gre
|e aacr
|
| 041 |
0 |
|
|a eng
|
| 082 |
0 |
|
|a 364.941
|2 (22)
|
| 100 |
1 |
|
|a Godfrey, Barry S.
|
| 245 |
1 |
0 |
|a Crime and justice 1750-1950 /
|c Barry S. Godfrey and Paul Lawrence
|
| 260 |
|
|
|a Cullompton, UK :
|b Willan,
|c 2005
|
| 300 |
|
|
|a xi, 208 σ.;
|b εικ.;
|c 26 εκ.
|
| 504 |
|
|
|a Βιβλιογραφία: σ. 183-193
|
| 504 |
|
|
|a Ευρετήριο: σ. 195-208
|
| 650 |
0 |
0 |
|a Crime
|z Great Britain
|x History.
|
| 650 |
0 |
0 |
|a Police
|z Great Britain
|x History.
|
| 650 |
0 |
0 |
|a Criminal justice, Administration of
|z Great Britain
|x History.
|
| 700 |
1 |
|
|a Lawrence, Paul.
|
| 852 |
|
|
|a INST
|b LESVOS
|e 20070725
|h 364.941 GOD
|p 005100041261
|q 005100041261
|t BK
|y 0
|
| 901 |
|
|
|a BIBL1-2007-2
|
| 909 |
|
|
|a Λ
|b 136900
|
| 922 |
|
|
|a 1ΕΛΗ
|b 200707
|c ΕΠΕΑΕΚ2/ΤΚ
|d ΕΛΕΥΘΕΡΟΥΔΑΚΗΣ
|
| 970 |
|
|
|a ΚΑΡΑ
|b ΓΙΑΣΕΜΗ
|z 2007/07/25
|